[Event "Kalamaria op-B 17th"]
[Site "Kalamaria"]
[Date "2024.08.31"]
[Round "1"]
[White "Sampsonoglou, Dimitrios"]
[Black "Pantoglou, Dimitrios"]
[Result "1-0"]
[WhiteElo "1483"]
[BlackElo "1893"]
[PlyCount "85"]
[EventDate "2024.08.31"]
[EventType "swiss"]
[EventRounds "9"]
[EventCountry "GRE"]
[SourceTitle "EXT 2025"]
[Source "ChessBase"]
[SourceDate "2024.10.14"]
[SourceVersion "1"]
[SourceVersionDate "2024.10.14"]
[SourceQuality "1"]

1. Nf3 Nf6 2. g3 d5 3. Bg2 e6 4. d3 Be7 5. 0-0 0-0 6. b3 c5 7. c4 Nc6 8. Nbd2 Re8 9. e4 Qc7 10. Qe2 dxc4 11. e5 cxd3 12. Qxd3 Nxe5 13. Nxe5 Qxe5 14. Nc4 Qd4 15. Qf3 Qxa1 16. Bb2 Qxa2 17. Ra1 Qxa1+ 18. Bxa1 Nd5 19. Qh5 g6 20. Qf3 b6 21. Ne3 h5 22. Nxd5 exd5 23. Qxd5 Bf5 24. Qe5 f6 25. Qe2 Rad8 26. Bc6 Bd7 27. Bxd7 Rxd7 28. Qe6+ Kf8 29. Qxd7 Rd8 30. Qxa7 b5 31. Kg2 Rd3 32. Qb8+ Kf7 33. Qxb5 Rd1 34. Bc3 Rc1 35. Bd2 Rc2 36. Be3 Rc3 37. Qd7 g5 38. Qd5+ Kf8 39. h4 gxh4 40. Qxh5 hxg3 41. Bh6+ Kg8 42. Qe8+ Kh7 43. Qxe7+ 1-0

[Event "Thessaloniki SKG op-B 5th"]
[Site "Thessaloniki"]
[Date "2024.08.13"]
[Round "9"]
[White "Pantoglou, Dimitrios"]
[Black "Seretis, Nikolaos G"]
[Result "1-0"]
[WhiteElo "1893"]
[BlackElo "1675"]
[PlyCount "137"]
[EventDate "2024.08.06"]
[EventType "swiss"]
[EventRounds "9"]
[EventCountry "GRE"]
[SourceTitle "EXT 2025"]
[Source "ChessBase"]
[SourceDate "2024.10.14"]
[SourceVersion "1"]
[SourceVersionDate "2024.10.14"]
[SourceQuality "1"]

1. d4 d5 2. c4 e6 3. Nc3 Be7 4. Nf3 Nf6 5. Bg5 h6 6. Bh4 0-0 7. e3 b6 8. cxd5 Nxd5 9. Bxe7 Qxe7 10. Nxd5 exd5 11. Bd3 Be6 12. Rc1 c5 13. dxc5 bxc5 14. 0-0 Nd7 15. Qa4 Nb6 16. Qa5 Rac8 17. Rfd1 Rfd8 18. Be2 Qf6 19. b3 Qb2 20. Bf1 Rd7 21. Rxc5 Rxc5 22. Qxc5 Qxa2 23. Nd4 Rd8 24. Qe7 Rf8 25. Rc1 Bc8 26. Rc7 Qb1 27. Rxa7 Bf5 28. Nxf5 Qxf5 29. Rb7 Nc8 30. Qd7 Qf6 31. Rb8 Nd6 32. Rxf8+ Kxf8 33. g3 Ne4 34. Qc8+ Ke7 35. Qc7+ Kf8 36. Qc8+ Ke7 37. Qc7+ Kf8 38. Qc2 Qc3 39. Qxc3 Nxc3 40. Kg2 Ke7 41. Kf3 Kd6 42. b4 Ke5 43. h4 d4 44. Bc4 f5 45. b5 Na4 46. Bb3 Nc5 47. exd4+ Kxd4 48. b6 Ke5 49. Ba4 g5 50. Bc6 Kd6 51. Be8 Ke7 52. Bb5 Kd6 53. Ke3 Ne6 54. b7 Kc7 55. Bc6 Nd8 56. Bd5 Nxb7 57. Bxb7 Kxb7 58. Kd4 Kc6 59. Ke5 f4 60. hxg5 hxg5 61. gxf4 gxf4 62. Kxf4 Kd6 63. Kf5 Ke7 64. Kg6 Kf8 65. f4 Kg8 66. f5 Kf8 67. Kf6 Ke8 68. Kg7 Ke7 69. f6+ 1-0

[Event "Thessaloniki SKG op-B 5th"]
[Site "Thessaloniki"]
[Date "2024.08.12"]
[Round "8"]
[White "Nakitsas, Stergios"]
[Black "Pantoglou, Dimitrios"]
[Result "0-1"]
[WhiteElo "1759"]
[BlackElo "1893"]
[PlyCount "106"]
[EventDate "2024.08.06"]
[EventType "swiss"]
[EventRounds "9"]
[EventCountry "GRE"]
[SourceTitle "EXT 2025"]
[Source "ChessBase"]
[SourceDate "2024.10.14"]
[SourceVersion "1"]
[SourceVersionDate "2024.10.14"]
[SourceQuality "1"]

1. e4 e6 2. d4 d5 3. e5 c5 4. c3 Nc6 5. Nf3 Bd7 6. a3 c4 7. Nbd2 Na5 8. Be2 Bc6 9. 0-0 Qd7 10. Qe1 Ba4 11. Bd1 Ne7 12. Rb1 Nc8 13. Bxa4 Qxa4 14. Qd1 Nb6 15. b3 cxb3 16. Nxb3 Nxb3 17. Qxb3 0-0-0 18. Bg5 Rd7 19. Qxa4 Nxa4 20. Rb3 h6 21. Be3 Rc7 22. Rc1 Be7 23. Nd2 Kb8 24. c4 dxc4 25. Nxc4 Rhc8 26. Rcb1 b6 27. Nd6 Bxd6 28. exd6 Rd7 29. Rc1 Rxc1+ 30. Bxc1 Kb7 31. Bf4 a6 32. h4 h5 33. f3 b5 34. g4 g6 35. gxh5 gxh5 36. Kf2 Nb6 37. Rd3 Kc6 38. Rc3+ Nc4 39. Be5 Kd5 40. Kg3 Nxe5 41. dxe5 Kxe5 42. Rc5+ Kxd6 43. Rxh5 Rb7 44. Rg5 Rb8 45. h5 Ke7 46. Kh4 Kf6 47. h6 b4 48. axb4 Rxb4+ 49. Kh5 Rb1 50. Ra5 Rb5+ 51. Rxb5 axb5 52. f4 b4 53. f5 exf5 0-1

[Event "Thessaloniki SKG op-B 1st"]
[Site "Thessaloniki"]
[Date "2022.08.04"]
[Round "3"]
[White "Galanis, Emmanouil"]
[Black "Pantoglou, Dimitrios"]
[Result "0-1"]
[WhiteElo "1521"]
[BlackElo "1637"]
[PlyCount "120"]
[EventDate "2022.08.03"]
[EventType "swiss"]
[EventRounds "9"]
[EventCountry "GRE"]
[SourceTitle "EXT 2024"]
[Source "ChessBase"]
[SourceDate "2023.10.10"]
[SourceVersion "1"]
[SourceVersionDate "2023.10.10"]
[SourceQuality "1"]

1. d4 e6 2. c4 Nf6 3. Nf3 d5 4. Nc3 c6 5. Bg5 dxc4 6. a4 Bb4 7. Bxf6 gxf6 8. e3 b5 9. axb5 cxb5 10. Nd2 Bd7 11. Be2 Bxc3 12. bxc3 Bc6 13. Bf3 Qb6 14. 0-0 Nd7 15. e4 Bb7 16. Qe2 0-0 17. Rfb1 Rfc8 18. Nf1 a6 19. Ng3 Qd8 20. Qe3 Qe7 21. Nh5 Kh8 22. Qf4 e5 23. Qh4 Rg8 24. Ng3 Nf8 25. Nf5 Ng6 26. Nxe7 Nxh4 27. Nxg8 Rxg8 28. Kf1 exd4 29. cxd4 f5 30. d5 fxe4 31. Bxe4 f5 32. Bf3 Nxf3 33. gxf3 Rd8 34. Rd1 Kg7 35. Kg2 Rd6 36. Kg3 Kf6 37. Kf4 Bxd5 38. Rd4 b4 39. Rad1 Ke6 40. Re1+ Kd7 41. Ke5 Re6+ 42. Kxd5 Rxe1 43. Kxc4+ Ke6 44. Kxb4 Ke5 45. Rh4 Re2 46. Rxh7 Rxf2 47. Rh6 Rxf3 48. Rxa6 Rh3 49. Ra2 Kd4 50. Rf2 Rh5 51. Rg2 f4 52. Rc2 f3 53. h4 Kd3 54. Rc3+ Ke2 55. Rc2+ Kf1 56. Kc4 Rxh4+ 57. Kd3 f2 58. Ke3 Rh3+ 59. Kf4 Kg1 60. Kg4 f1Q 0-1

[Event "Thessaloniki/Chalkidiki-chT"]
[Site "Thessaloniki/Chalkidiki"]
[Date "2019.03.03"]
[Round "7.2"]
[White "Pantoglou, Dimitrios"]
[Black "Nikolaidis, Athanasios"]
[Result "1-0"]
[WhiteElo "1597"]
[BlackElo "1665"]
[PlyCount "51"]
[EventDate "2019.01.13"]
[EventType "team-tourn"]
[EventRounds "9"]
[EventCountry "GRE"]
[SourceTitle "EXT 2020"]
[Source "ChessBase"]
[SourceDate "2019.10.17"]
[SourceVersion "1"]
[SourceVersionDate "2019.10.17"]
[SourceQuality "1"]
[WhiteTeam "Moudanion"]
[BlackTeam "Papafi Chronikos"]
[WhiteTeamCountry "GRE"]
[BlackTeamCountry "GRE"]

1. d4 Nf6 2. c4 e6 3. Nf3 Bb4+ 4. Bd2 Qe7 5. g3 Bxd2+ 6. Nbxd2 d6 7. Bg2 e5 8. dxe5 dxe5 9. 0-0 h6 10. e3 c5 11. Nb1 0-0 12. Nc3 Rd8 13. Qc2 Bg4 14. h3 Bh5 15. Nh4 Nc6 16. g4 Nxg4 17. hxg4 Bxg4 18. Nf5 Qg5 19. Ng3 Nb4 20. Qe4 h5 21. f4 Qh4 22. Nf5 Bxf5 23. Qxf5 Rd2 24. Ne4 Re2 25. Ng5 Qg3 26. Qxf7+ 1-0